000 01727cam a22002174a 4500
005 20250605164020.0
008 250528s ||||||||||||||||||||||||d
035 _a16311
020 _a873452321
040 _aGR-AtMCL
_bgre
_dGR-AtMCL
_eAACR2
245 1 _aPhoto Offset / Fundamentals
260 _c1973
300 _a448
505 0 _aForeword, Introduction to Photo-Offset Printing, A Brief History of Photo-Offset Printing, The Offset Printing Industry, Job Planning and Layout, Type Composition for Reproduction, Proofreading, Preparing Camera Copy for Reproduction, Line Photography, Halftone Photography, Color Reproduction, Film Developing and Darkroom Procedures, Laying Out and Stripping the Flat, Platemaking, Offset Inks, Papers and Bindery Work, Offset Press Fundamentals, Offset Presswork Operations, Sheet Fed and Web Offset Presses and Duplicators, Offset Presswork Troubleshooting, Shop Safety, Legal Restrictions on Copying, List of Tables.
520 _aForeword, Introduction to Photo-Offset Printing, A Brief History of Photo-Offset Printing, The Offset Printing Industry, Job Planning and Layout, Type Composition for Reproduction, Proofreading, Preparing Camera Copy for Reproduction, Line Photography, Halftone Photography, Color Reproduction, Film Developing and Darkroom Procedures, Laying Out and Stripping the Flat, Platemaking, Offset Inks, Papers and Bindery Work, Offset Press Fundamentals, Offset Presswork Operations, Sheet Fed and Web Offset Presses and Duplicators, Offset Presswork Troubleshooting, Shop Safety, Legal Restrictions on Copying, List of Tables.
700 1 _aCogoli John E
_92388
700 1 _aMcknight
_92389
942 _cBK
999 _c1823
_d1823